Countries With 0.600 - 0.799 HDI (2nd World Countries) - Statistics

General Stats
  • This quiz has been taken 60 times
  • The average score is 59 of 74
Answer Stats
HDI Country % Correct
0.645 India
96%
0.765 Brazil
94%
0.756 Dominican Republic
90%
0.697 Kyrgyzstan
90%
0.779 Mexico
90%
0.686 Morocco
90%
0.668 Tajikistan
90%
0.74 Tunisia
90%
0.72 Uzbekistan
90%
0.748 Algeria
88%
0.761 China
88%
0.767 Colombia
88%
0.783 Cuba
88%
0.707 Egypt
88%
0.783 Iran
88%
0.75 Moldova
88%
0.737 Mongolia
88%
0.777 Peru
88%
0.709 South Africa
88%
0.711 Venezuela
88%
0.718 Bolivia
86%
0.742 Dominica
86%
0.718 Indonesia
86%
0.724 Libya
86%
0.738 Suriname
86%
0.715 Turkmenistan
86%
0.779 Ukraine
86%
0.704 Vietnam
86%
0.759 Ecuador
84%
0.663 Guatemala
84%
0.682 Guyana
84%
0.674 Iraq
84%
0.613 Laos
84%
0.728 Paraguay
84%
0.718 Philippines
84%
0.776 Armenia
82%
0.735 Botswana
82%
0.734 Jamaica
82%
0.729 Jordan
82%
0.782 Sri Lanka
82%
0.777 Thailand
82%
0.756 Azerbaijan
80%
0.716 Belize
80%
0.673 El Salvador
80%
0.634 Honduras
80%
0.779 Saint Kitts and Nevis
80%
0.778 Antigua and Barbuda
78%
0.632 Bangladesh
78%
0.744 Lebanon
78%
0.704 Marshall Islands
78%
0.602 Nepal
78%
0.796 Trinidad and Tobago
78%
0.654 Bhutan
76%
0.601 Kenya
76%
0.78 Bosnia and Herzegovina
73%
0.63 Kiribati
73%
0.66 Nicaragua
73%
0.759 Saint Lucia
73%
0.725 Tonga
73%
0.743 Fiji
71%
0.779 Grenada
71%
0.646 Namibia
71%
0.738 Saint Vincent and the Grenadines
71%
0.796 Seychelles
71%
0.611 Eswatini
69%
0.715 Samoa
69%
0.609 Vanuatu
69%
0.795 Albania
67%
0.62 Federated States of Micronesia
67%
0.74 Maldives
65%
0.774 North Macedonia
65%
0.611 Ghana
59%
0.703 Gabon
55%
0.625 Sao Tome and Principe
47%
No matching quizzes found
Score Distribution
Percent of People with Each Score
Percentile by Number Answered
Your Score History
You have not taken this quiz